000 00608nam a2200241 a 4500
999 _c5806
_d5806
001 5806
003 BD-JhCC
005 20171221190400.0
008 171221s19842004e |||| || | 000 0 eng d
020 _a0175558299
035 _a(BD-JhCC)5806
040 _aBD-JhCC
_dBD-JhCC
041 _aeng
082 _a428.24
_bWAR 2004
100 _aWard, J. Millington
245 _aO Level English Practice /
_c J. Millington Ward,
250 _a4th ed.
260 _aLondon :
_bBell & Hyman Limited,
_c2004.
300 _a232 p. :
_c21 cm.
650 _aEnglish Language
942 _2ddc
_cBK